Forsaken Characters - Statistics

General Stats
  • This quiz has been taken 298 times
  • The average score is 14 of 15
Answer Stats
Answer % Correct
1x1x1x1
97%
C00lkidd
97%
Slasher
97%
Noob
96%
Elliot
95%
Guest 1337
95%
John Doe
95%
Noli
95%
Two Time
95%
Shedletsky
93%
Chance
90%
007n7
89%
Builderman
89%
Dusekkar
87%
Taph
87%
No matching quizzes found
Score Distribution
Percent of People with Each Score
Percentile by Number Answered
Your Score History
You have not taken this quiz